[Event "Ostravský koník 2014 - MÈR"]
[Site "Ostrava, CZE"]
[Date "2014.04.30"]
[Round "5"]
[White "Kanovsky, David"]
[Black "Folk, Petr"]
[Result "1-0"]
[WhiteElo "2416"]
[BlackElo "2229"]
[PlyCount "131"]

1. e4 c5 2. Nf3 Nc6 3. d4 cxd4 4. Nxd4 Qc7 5. Nc3 e6 6. Be3 a6 7. Qd2 Nf6 8.
O-O-O Be7 9. f3 b5 10. g4 Nxd4 11. Qxd4 Bb7 12. g5 Nh5 13. Qd2 Rc8 14. Bh3 b4
15. Na4 Qc6 16. b3 h6 17. gxh6 g5 18. Nb6 Rd8 19. Nc4 Nf4 20. Bxf4 gxf4 21.
Qxf4 Bf8 22. Nd6+ Qxd6 23. Rxd6 Bxh6 24. Qxh6 Rxh6 25. Bg4 Bc6 26. h3 Ke7 27.
Rhd1 a5 28. Kb2 Rb8 29. a3 Rb5 30. axb4 axb4 31. f4 Bxe4 32. Rxd7+ Kf6 33. R1d4
Bg2 34. Rd2 Be4 35. R7d4 Bd5 36. f5 Ke5 37. fxe6 fxe6 38. R4d3 Kd6 39. Rf2 Rh8
40. Re2 Rh6 41. Rde3 Rb8 42. Rd2 Kc5 43. Re5 Kd6 44. Rg5 Rb5 45. Be2 Rb8 46.
Bf1 Rh4 47. Bg2 Rb5 48. Rg4 Rxg4 49. hxg4 Ke5 50. Bxd5 exd5 51. g5 d4 52. g6
Ke4 53. Rg2 Rb8 54. g7 Rg8 55. Kc1 Kf3 56. Rg6 Ke2 57. Rg4 d3 58. cxd3 Kxd3 59.
Kd1 Kc3 60. Rg3+ Kb2 61. Kd2 Rd8+ 62. Ke3 Rg8 63. Kd4 Ka3 64. Ke5 Rxg7 65. Rxg7
Kxb3 66. Kd4 1-0

[Event "Ostravský koník 2014 - MÈR"]
[Site "Ostrava, CZE"]
[Date "2014.04.30"]
[Round "5"]
[White "Sikorova, Olga"]
[Black "Konopka, Michal"]
[Result "1/2-1/2"]
[WhiteElo "2288"]
[BlackElo "2408"]
[PlyCount "70"]

1. c4 Nf6 2. Nc3 g6 3. b3 Bg7 4. Bb2 O-O 5. Nf3 c6 6. d4 d5 7. e3 c5 8. Nxd5
Nxd5 9. cxd5 Qxd5 10. Bc4 Qd8 11. O-O Nc6 12. Qe2 cxd4 13. Nxd4 Ne5 14. Rfd1
Qa5 15. Rac1 Nxc4 16. Rxc4 Bd7 17. Bc3 Qb6 18. Rb4 Qc7 19. Rc4 Qb6 20. Rb4 Qc7
21. Rc4 Qb8 22. Bb4 Re8 23. Rdc1 e5 24. Rc7 Qd8 25. Nf3 Bc6 26. Ba5 Qd5 27. Qe1
h6 28. Rd1 Qe4 29. h3 Rac8 30. Rxc8 Rxc8 31. Qb4 Qf5 32. Qg4 Qxg4 33. hxg4 b6
34. Bb4 a5 35. Be7 Bxf3 1/2-1/2

[Event "Ostravský koník 2014 - MÈR"]
[Site "Ostrava, CZE"]
[Date "2014.04.30"]
[Round "5"]
[White "Kulovana, Eva"]
[Black "Zwardon, Vojtech"]
[Result "1/2-1/2"]
[WhiteElo "2250"]
[BlackElo "2391"]
[PlyCount "30"]

1. e4 c5 2. Nf3 e6 3. b3 b6 4. Bb2 Bb7 5. Qe2 d6 6. g3 Nf6 7. d3 Be7 8. Bg2 O-O
9. O-O Nc6 10. Nbd2 Qc7 11. a4 h6 12. Rfd1 Rfe8 13. c3 Ba6 14. Ne1 d5 15. c4
dxe4 1/2-1/2

[Event "Ostravský koník 2014 - MÈR"]
[Site "Ostrava, CZE"]
[Date "2014.04.30"]
[Round "5"]
[White "Studnicka, Tomas"]
[Black "Sikora, Jan"]
[Result "1-0"]
[WhiteElo "2374"]
[BlackElo "2188"]
[PlyCount "55"]

1. d4 Nf6 2. c4 c5 3. d5 e6 4. Nc3 exd5 5. cxd5 d6 6. Nf3 g6 7. Bf4 Bg7 8. Qa4+
Bd7 9. Qb3 Qc7 10. e4 O-O 11. Nd2 Nh5 12. Be3 f5 13. exf5 Bxf5 14. Be2 Nf6 15.
h3 Re8 16. O-O a6 17. a4 Bc8 18. Nc4 Nbd7 19. Bf4 Bf8 20. Rfe1 b6 21. Bf3 Bb7
22. Re6 Rxe6 23. dxe6 Bxf3 24. exd7 b5 25. axb5 axb5 26. Nb6+ c4 27. Nxa8 Bxa8
28. Rxa8 1-0

[Event "Ostravský koník 2014 - MÈR"]
[Site "Ostrava, CZE"]
[Date "2014.04.30"]
[Round "5"]
[White "Lechtynsky, Jiri"]
[Black "Marek, Matyas"]
[Result "1-0"]
[WhiteElo "2365"]
[BlackElo "2110"]
[PlyCount "65"]

1. d4 Nf6 2. Nf3 d6 3. c4 g6 4. Nc3 Bg7 5. Bg5 O-O 6. e3 Nbd7 7. Qc2 c5 8. Be2
cxd4 9. Nxd4 Ne5 10. O-O Bd7 11. Rac1 a6 12. Rfd1 Rc8 13. Qb3 Rb8 14. h3 Re8
15. Rd2 Qa5 16. Qd1 b5 17. Bxf6 Bxf6 18. Nb3 Qd8 19. c5 Nc4 20. Bxc4 bxc4 21.
Nd4 Qa5 22. cxd6 exd6 23. Qf3 Be5 24. Rcd1 Kg7 25. a3 Bxd4 26. Rxd4 Rxb2 27.
Ne4 Be6 28. Qf6+ Kg8 29. Rxd6 c3 30. Rxe6 Rf8 31. Red6 c2 32. Qxb2 cxd1=Q+ 33.
Rxd1 1-0

[Event "Ostravský koník 2014 - MÈR"]
[Site "Ostrava, CZE"]
[Date "2014.04.30"]
[Round "5"]
[White "Lys, Josef"]
[Black "Hausner, Ivan"]
[Result "0-1"]
[WhiteElo "2206"]
[BlackElo "2370"]
[PlyCount "46"]

1. d4 Nf6 2. Nf3 g6 3. g3 Bg7 4. Bg2 O-O 5. O-O d6 6. c4 Nbd7 7. Nc3 e5 8. b3
Re8 9. Bb2 e4 10. Ng5 e3 11. f3 Nf8 12. Nge4 Nxe4 13. Nxe4 Ne6 14. Rb1 f5 15.
d5 fxe4 16. dxe6 Bxb2 17. Rxb2 Bxe6 18. fxe4 Qg5 19. Qd4 Rf8 20. Rf3 Qa5 21. h3
Rxf3 22. exf3 Qe1+ 23. Kh2 Qa1 0-1

[Event "Ostravský koník 2014 - MÈR"]
[Site "Ostrava, CZE"]
[Date "2014.04.30"]
[Round "5"]
[White "Dolezal, Radoslav"]
[Black "Frolik, Martin"]
[Result "1-0"]
[WhiteElo "2344"]
[BlackElo "2213"]
[PlyCount "107"]

1. d4 d5 2. Nf3 e6 3. Bg5 Nf6 4. e3 Be7 5. Bd3 h6 6. Bh4 c5 7. c3 cxd4 8. exd4
Qb6 9. Qb3 Nbd7 10. Nbd2 Qxb3 11. axb3 Nh5 12. Bxe7 Kxe7 13. g3 Nhf6 14. O-O b6
15. b4 Bb7 16. b5 Ne4 17. Ra3 g5 18. Nb3 Nd6 19. Rfa1 f6 20. Rxa7 Rxa7 21. Rxa7
Ra8 22. Rxa8 Bxa8 23. Ne1 e5 24. Nc2 e4 25. Be2 f5 26. Nd2 Nf6 27. f4 exf3 28.
Nxf3 Nfe4 29. Ne5 Ke6 30. Ne3 Nf6 31. Kf2 Nfe8 32. Nc2 Nc7 33. Na3 Nce8 34. Ke3
Ne4 35. Nb1 N8d6 36. Bd3 Bb7 37. Ke2 Ba8 38. Na3 Bb7 39. Nc2 Ba8 40. Nb4 Nf6
41. Na6 Bb7 42. Nc7+ Ke7 43. b3 Nde4 44. c4 f4 45. gxf4 gxf4 46. Nxd5+ Bxd5 47.
cxd5 Kd6 48. Bc4 Nxd5 49. Nf7+ Ke7 50. Nxh6 Nec3+ 51. Kf3 Kf6 52. Ng4+ Kg5 53.
Nf2 Nf6 54. Nh3+ 1-0

[Event "Ostravský koník 2014 - MÈR"]
[Site "Ostrava, CZE"]
[Date "2014.04.30"]
[Round "5"]
[White "Dobrovolsky, Ladislav"]
[Black "Machycek, Lubomir"]
[Result "1-0"]
[WhiteElo "2334"]
[BlackElo "2210"]
[PlyCount "107"]

1. Nf3 d5 2. b3 Nc6 3. Bb2 Bg4 4. d4 Nf6 5. e3 Ne4 6. Be2 e6 7. O-O Bd6 8. c4
O-O 9. Ne5 Bxe2 10. Qxe2 f5 11. f3 Nf6 12. Nd2 Bb4 13. Rad1 Bxd2 14. Rxd2 Qd6
15. Rc1 Nd8 16. c5 Qe7 17. c6 Nxc6 18. Nxc6 bxc6 19. Rxc6 Rfb8 20. Rdc2 Rb7 21.
Qa6 Rb6 22. Qa4 Ne8 23. Bc3 Qd7 24. Ba5 Rxc6 25. Qxc6 Qxc6 26. Rxc6 Kf7 27. Ra6
Ke7 28. Bb4+ Kd7 29. Bc5 Nd6 30. Bxd6 cxd6 31. Kf2 Ke7 32. h4 Kf6 33. Ke2 Rc8
34. Kd2 Rc7 35. Rxd6 g6 36. a4 h6 37. Ra6 g5 38. hxg5+ hxg5 39. b4 g4 40. b5
gxf3 41. gxf3 Ke7 42. Ke2 Kf6 43. Kf2 Rg7 44. a5 Rb7 45. b6 axb6 46. Rxb6 Rc7
47. Ra6 Rb7 48. Rb6 Rc7 49. Kg3 Rc3 50. Kf4 Ra3 51. Ra6 Ra1 52. Ra8 Ra4 53. Kg3
Ra3 54. a6 1-0

[Event "Ostravský koník 2014 - MÈR"]
[Site "Ostrava, CZE"]
[Date "2014.04.30"]
[Round "5"]
[White "Jedlicka, Ales"]
[Black "Sobek, Jaroslav"]
[Result "1/2-1/2"]
[WhiteElo "2199"]
[BlackElo "2327"]
[PlyCount "114"]

1. d4 d5 2. c4 dxc4 3. Nf3 Nf6 4. e3 a6 5. Bxc4 e6 6. O-O Nbd7 7. Bb3 b5 8. a4
b4 9. Nbd2 Bb7 10. Nc4 c5 11. a5 Be7 12. Nfe5 O-O 13. Qe2 cxd4 14. exd4 Nd5 15.
Bc2 N7f6 16. Qd3 Rb8 17. Bg5 b3 18. Bxb3 Nh5 19. Bc2 g6 20. Bxe7 Qxe7 21. Qd2
Ndf4 22. f3 Rfd8 23. Rf2 f6 24. Ng4 e5 25. Re1 Qf8 26. Bb3 Kh8 27. Ncxe5 fxe5
28. Rxe5 Bd5 29. Bxd5 Rxd5 30. Rxd5 Nxd5 31. Qg5 Qf5 32. Qxf5 gxf5 33. Ne5 Rb4
34. Rd2 Nhf4 35. Kf2 Ne6 36. Nc6 Rc4 37. Nb8 Nec7 38. g3 Kg7 39. Ke2 Nb4 40. d5
Kf7 41. d6 Ne6 42. Nd7 Nc6 43. Rd5 Kg6 44. Ke3 Rb4 45. Nc5 Ned8 46. Nd3 Rb3 47.
Kd2 Kf6 48. g4 fxg4 49. fxg4 Rb5 50. g5+ Ke6 51. Nf4+ Kd7 52. Rxb5 axb5 53. a6
Kxd6 54. h4 Ke5 55. g6 hxg6 56. Nxg6+ Kf6 57. Nf4 Kf5 1/2-1/2

[Event "Ostravský koník 2014 - MÈR"]
[Site "Ostrava, CZE"]
[Date "2014.04.30"]
[Round "5"]
[White "Szotkowski, Jakub"]
[Black "Svatos, Jan"]
[Result "1/2-1/2"]
[WhiteElo "2161"]
[BlackElo "2306"]
[PlyCount "114"]

1. Nf3 Nf6 2. c4 g6 3. Nc3 Bg7 4. e4 d6 5. d4 O-O 6. Be2 e5 7. O-O Nc6 8. d5
Ne7 9. b4 a5 10. Ba3 axb4 11. Bxb4 b6 12. a4 Ne8 13. Nb5 f5 14. Nd2 fxe4 15.
Nxe4 Nf5 16. a5 bxa5 17. Rxa5 Rxa5 18. Bxa5 Rf7 19. c5 Qh4 20. Qb1 Ba6 21. g4
Bxb5 22. Qxb5 Nd4 23. Qd3 Nf6 24. Nxf6+ Bxf6 25. cxd6 cxd6 26. Bd1 Bd8 27. Bb4
Qf6 28. Kg2 Kg7 29. h3 Rb7 30. Bc3 Bb6 31. Bf3 Bc5 32. Bxd4 Bxd4 33. Rc1 Rf7
34. Qe4 Bc5 35. Rc2 Rb7 36. Qe2 Qh4 37. Rb2 Rf7 38. Rc2 Rf4 39. Qe1 Qf6 40. Qe2
e4 41. Bxe4 Rxf2+ 42. Qxf2 Bxf2 43. Rxf2 Qd4 44. Bf3 Kf6 45. Rf1 Kg5 46. Kh1
Kh4 47. Bg2 h6 48. Kh2 Qe3 49. Rf7 Kg5 50. Rf1 Qc3 51. Rf7 h5 52. gxh5 Qe5+ 53.
Kh1 Kxh5 54. Rf1 Kh4 55. Rf7 g5 56. Rf1 Qe2 57. Rf3 Qe1+ 1/2-1/2

[Event "Ostravský koník 2014 - MÈR"]
[Site "Ostrava, CZE"]
[Date "2014.04.30"]
[Round "5"]
[White "Holemar, David"]
[Black "Kubik, Michael"]
[Result "1-0"]
[WhiteElo "2269"]
[BlackElo "2203"]
[PlyCount "53"]

1. d4 Nf6 2. c4 c5 3. d5 b5 4. cxb5 a6 5. b6 d6 6. Nc3 Nbd7 7. e4 Rb8 8. f4
Rxb6 9. Nf3 g6 10. Bc4 Rb4 11. Qe2 Bg7 12. a3 Rb6 13. e5 dxe5 14. fxe5 Ng4 15.
Bf4 O-O 16. O-O g5 17. Bg3 h5 18. e6 fxe6 19. dxe6 Nde5 20. Nxe5 Qd4+ 21. Kh1
Bxe5 22. Rad1 Bxg3 23. Rxd4 cxd4 24. Nd5 Rxe6 25. Nxe7+ Kg7 26. Bxe6 Bxe6 27.
Rxf8 1-0

[Event "Ostravský koník 2014 - MÈR"]
[Site "Ostrava, CZE"]
[Date "2014.04.30"]
[Round "5"]
[White "Marikova, Jana"]
[Black "Havlikova, Kristyna"]
[Result "1/2-1/2"]
[WhiteElo "2079"]
[BlackElo "2251"]
[PlyCount "131"]

1. d4 Nf6 2. c4 g6 3. Nc3 d5 4. cxd5 Nxd5 5. e4 Nxc3 6. bxc3 Bg7 7. Bc4 c5 8.
Ne2 O-O 9. O-O Nc6 10. Be3 Qc7 11. Rc1 Rd8 12. Qd2 Ne5 13. Bb3 Ng4 14. Bf4 e5
15. Bg3 Qe7 16. d5 Bh6 17. f4 c4 18. Bc2 Qc5+ 19. Kh1 Ne3 20. Rf3 Nxc2 21. Rxc2
Bg4 22. Rf1 b5 23. h3 Bxe2 24. Qxe2 exf4 25. Bxf4 Bxf4 26. Rxf4 a5 27. Qf3 Ra7
28. Rf2 Rdd7 29. Rf6 Qc7 30. Rc6 Qe5 31. a4 b4 32. Rxc4 bxc3 33. Qxc3 Qxc3 34.
Rxc3 Rac7 35. Rfc2 Rxc3 36. Rxc3 f5 37. Rc5 fxe4 38. Rxa5 Kf7 39. Kg1 Kf6 40.
Kf2 Ke5 41. Ke3 Rc7 42. d6+ Kxd6 43. Kxe4 Rc2 44. g3 Rc4+ 45. Kf3 Ke6 46. Ra8
Kf5 47. Rf8+ Ke5 48. Rf4 Rc3+ 49. Kg2 Ra3 50. h4 h5 51. Rb4 Ra2+ 52. Kh3 Kf5
53. Rb5+ Kf6 54. a5 Kf7 55. Rb7+ Kf6 56. Rb6+ Kf5 57. a6 Ra1 58. Kg2 Ra2+ 59.
Kf3 Ra3+ 60. Kf2 Ra5 61. Ke3 g5 62. hxg5 Kxg5 63. Kd4 Kg4 64. Rg6+ Kf5 65. Rc6
Kg4 66. Rg6+ 1/2-1/2

[Event "Ostravský koník 2014 - MÈR"]
[Site "Ostrava, CZE"]
[Date "2014.04.30"]
[Round "5"]
[White "Zidek, Vaclav"]
[Black "Bartos, Jan"]
[Result "0-1"]
[WhiteElo "2135"]
[BlackElo "2232"]
[PlyCount "60"]

1. d4 Nf6 2. c4 e6 3. Nc3 Bb4 4. f3 d5 5. a3 Bxc3+ 6. bxc3 c5 7. cxd5 Nxd5 8.
Qd3 b6 9. e4 Ba6 10. Qd2 Bxf1 11. Kxf1 Ne7 12. Bb2 O-O 13. Ne2 Nbc6 14. Rd1 f5
15. Nf4 fxe4 16. Nxe6 Qd5 17. Nxf8 Rxf8 18. dxc5 Qh5 19. f4 Rd8 20. Qxd8+ Nxd8
21. Rxd8+ Kf7 22. cxb6 Qb5+ 23. Ke1 Qxb2 24. bxa7 Qxc3+ 25. Kd1 Qb3+ 26. Kd2
e3+ 27. Ke1 Qb1+ 28. Ke2 Qb2+ 29. Ke1 Qf2+ 30. Kd1 e2+ 0-1

[Event "Ostravský koník 2014 - MÈR"]
[Site "Ostrava, CZE"]
[Date "2014.04.30"]
[Round "5"]
[White "Voloshin, Leonid"]
[Black "Nguyen, Thai Dai Van"]
[Result "1-0"]
[WhiteElo "2391"]
[BlackElo "2217"]
[PlyCount "127"]

1. d4 Nf6 2. Nf3 g6 3. Nbd2 Bg7 4. e4 d6 5. Bc4 O-O 6. Bb3 c5 7. dxc5 dxc5 8.
O-O Nc6 9. c3 b6 10. Bc4 Na5 11. Be2 Bb7 12. Qc2 Qc7 13. Re1 Rfd8 14. Bf1 Nd7
15. Nc4 Nc6 16. Bg5 Nde5 17. Nfxe5 Nxe5 18. Nxe5 Bxe5 19. g3 Bf6 20. Bf4 e5 21.
Be3 Qe7 22. Rad1 Bg5 23. Bxg5 Qxg5 24. Bc4 Kg7 25. Bd5 Bxd5 26. exd5 Qf6 27.
Re2 Qd6 28. c4 Re8 29. Rde1 b5 30. b3 Rab8 31. Qc3 bxc4 32. bxc4 Rb4 33. f4 Qa6
34. Rc2 f6 35. fxe5 fxe5 36. a3 Rb7 37. Rxe5 Rxe5 38. Qxe5+ Qf6 39. Re2 Rb1+
40. Kg2 Qxe5 41. Rxe5 Kf8 42. Kf3 Rc1 43. d6 Rd1 44. Rxc5 Rxd6 45. Rc7 Rd3+ 46.
Ke4 Rxa3 47. Rxh7 a5 48. c5 Rc3 49. Kd5 a4 50. Ra7 a3 51. Kd4 Rc2 52. Rxa3 Rxh2
53. Re3 Rd2+ 54. Kc4 Rc2+ 55. Kb5 Rb2+ 56. Ka6 Rc2 57. Kb6 Rb2+ 58. Kc7 Kf7 59.
c6 Kf6 60. Kd7 Rd2+ 61. Kc8 Kf5 62. Rb3 Ke6 63. c7 Rc2 64. Kb8 1-0

[Event "Ostravský koník 2014 - MÈR"]
[Site "Ostrava, CZE"]
[Date "2014.04.30"]
[Round "5"]
[White "Sindler, Michal"]
[Black "Michenka, Jozef"]
[Result "1/2-1/2"]
[WhiteElo "2157"]
[BlackElo "2353"]
[PlyCount "212"]

1. e4 c5 2. Nf3 d6 3. d4 cxd4 4. Nxd4 Nf6 5. Nc3 a6 6. Be3 e5 7. Nf3 Be6 8. Ng5
Qc7 9. a4 Bc4 10. Bxc4 Qxc4 11. a5 Nbd7 12. Ra4 Qc6 13. Qd3 Rc8 14. h3 Be7 15.
Nf3 O-O 16. Nd2 Nc5 17. Bxc5 dxc5 18. O-O Rcd8 19. Qe2 Rd4 20. Raa1 Qe6 21. b3
g6 22. Nc4 Nh5 23. Nd5 Nf4 24. Nxf4 exf4 25. Rfe1 Rfd8 26. Qf3 g5 27. h4 h6 28.
Nb6 g4 29. Qxf4 Bxh4 30. Nd5 Bg5 31. Qc7 Rxe4 32. Rxe4 Qxe4 33. c4 Re8 34. Qxc5
Qc2 35. Qd4 g3 36. Nf6+ Bxf6 37. Qxf6 Re2 38. Rf1 Rxf2 39. Rxf2 gxf2+ 40. Qxf2
Qxb3 41. Qc5 Qb1+ 42. Kh2 Qe4 43. Qc7 Kg7 44. Qg3+ Kf6 45. Qd6+ Kg5 46. Qd8+
Kh5 47. Qd1+ Kg6 48. Qd6+ f6 49. Qg3+ Kf5 50. Qh3+ Kg5 51. Qg3+ Qg4 52. Qb3
Qh4+ 53. Kg1 Qe1+ 54. Kh2 Qxa5 55. Qxb7 Qe5+ 56. Kg1 Qd4+ 57. Kh2 Qxc4 58. Qg7+
Kh5 59. g3 f5 60. Qf6 Qa2+ 61. Kh3 Qd5 62. Kh2 a5 63. Qe7 Kg4 64. Qh4+ Kf3 65.
Qf4+ Ke2 66. Qxh6 Qd2 67. Qc6 a4 68. Kh3 Qd1 69. Qe6+ Kd2 70. Qxf5 Qc2 71. Qf4+
Kc3 72. Qe5+ Kb3 73. Qe3+ Qc3 74. Qe6+ Qc4 75. Qe3+ Kc2 76. Qf2+ Kd1 77. Qf3+
Ke1 78. Qe3+ Kd1 79. Qf3+ Kd2 80. Qf2+ Kd3 81. Qf1+ Kd4 82. Qa1+ Kd5 83. Qd1+
Qd4 84. Qf3+ Qe4 85. Qd1+ Ke5 86. Qa1+ Kf5 87. Qf1+ Kg5 88. Qc1+ Kg6 89. Kh2
Qe2+ 90. Kh3 Qh5+ 91. Kg2 Qd5+ 92. Kf2 Kh5 93. Ke2 Qg2+ 94. Kd1 Qf3+ 95. Kd2
Qd5+ 96. Ke1 Qe4+ 97. Kd2 Kg4 98. Qd1+ Kxg3 99. Qg1+ Kh3 100. Qf1+ Kg4 101.
Qg1+ Kf5 102. Qc5+ Ke6 103. Qb6+ Kd7 104. Qa7+ Kd6 105. Qb6+ Qc6 106. Qxc6+ Ke5
1/2-1/2

[Event "Ostravský koník 2014 - MÈR"]
[Site "Ostrava, CZE"]
[Date "2014.04.30"]
[Round "5"]
[White "Sabol, Marian"]
[Black "Vrana, Frantisek"]
[Result "1-0"]
[WhiteElo "2295"]
[BlackElo "2245"]
[PlyCount "101"]

1. d4 Nf6 2. g3 g6 3. Bg2 Bg7 4. e4 d6 5. f4 O-O 6. Nc3 Na6 7. e5 Ne8 8. Nf3 c5
9. Be3 cxd4 10. Bxd4 Nb4 11. exd6 Qxd6 12. Bxg7 Kxg7 13. Qd4+ Kg8 14. O-O-O Bg4
15. Qxd6 Nxd6 16. h3 Be6 17. Nd4 Bd7 18. a3 Na6 19. Rhe1 Rfe8 20. Nb3 Be6 21.
Nd4 Bd7 22. Ne4 Nxe4 23. Bxe4 Nc5 24. Bg2 a5 25. b3 Kf8 26. Kb2 Rac8 27. g4 Rc7
28. Rd2 Rec8 29. Bf1 Ne6 30. Nxe6+ Bxe6 31. Bd3 Rc5 32. Rde2 R8c7 33. Re5 Rc3
34. Rxa5 Bxb3 35. Ra8+ Kg7 36. Rxe7 Rxe7 37. Kxc3 Bd5 38. Kd2 h6 39. h4 f6 40.
Ra5 Bf3 41. g5 f5 42. Re5 Rc7 43. a4 hxg5 44. hxg5 Kf7 45. a5 Rd7 46. Ke3 Bd1
47. Bc4+ Kg7 48. Be6 Rd6 49. c4 Ra6 50. Bd5 Rxa5 51. Re7+ 1-0

[Event "Ostravský koník 2014 - MÈR"]
[Site "Ostrava, CZE"]
[Date "2014.04.30"]
[Round "5"]
[White "Olsarova, Tereza"]
[Black "Soural, Jan"]
[Result "1-0"]
[WhiteElo "2260"]
[BlackElo "2194"]
[PlyCount "87"]

1. e4 c5 2. Nf3 Nc6 3. d4 cxd4 4. Nxd4 g6 5. Nc3 Bg7 6. Be3 Nf6 7. Bc4 Qa5 8.
O-O O-O 9. Re1 Ng4 10. Qxg4 Nxd4 11. Qd1 Nc6 12. Qd2 d6 13. Bh6 Bd7 14. Rad1
Rac8 15. Bb3 Qh5 16. Bxg7 Kxg7 17. Nd5 Rfe8 18. h3 b6 19. Bc4 Rcd8 20. f4 f6
21. b4 Rc8 22. Ba6 Rb8 23. a4 g5 24. Nc7 Red8 25. Bb5 Rbc8 26. Nd5 e6 27. Bxc6
Bxc6 28. Ne7 Rc7 29. Nxc6 Rxc6 30. e5 gxf4 31. exf6+ Kxf6 32. Qxf4+ Ke7 33. c4
Qg6 34. Rd2 Rf8 35. Qh4+ Kd7 36. Red1 Kc8 37. b5 Rc5 38. Rxd6 Rg5 39. Kh1 Qf6
40. Qe4 Kb8 41. Rd7 Kc8 42. Qh4 h5 43. R7d6 Qg6 44. Qd4 1-0

[Event "Ostravský koník 2014 - MÈR"]
[Site "Ostrava, CZE"]
[Date "2014.04.30"]
[Round "5"]
[White "Kuba, Jindrich"]
[Black "Firt, Stanislav"]
[Result "1/2-1/2"]
[WhiteElo "2239"]
[BlackElo "2253"]
[PlyCount "113"]

1. e4 e6 2. c4 c5 3. Nc3 Nc6 4. Nf3 e5 5. Be2 d6 6. h3 Nge7 7. a3 g6 8. Rb1 a5
9. d3 Bg7 10. Nd5 O-O 11. Bd2 f5 12. b4 axb4 13. axb4 Nxd5 14. cxd5 Nxb4 15.
Bxb4 cxb4 16. Rxb4 Bh6 17. O-O Rf7 18. Qb3 Kh8 19. Rd1 Bf4 20. Qb2 Kg8 21. Rb6
h5 22. Qb4 Rf6 23. Rb1 Ra2 24. Bf1 g5 25. Qb3 Ra8 26. exf5 g4 27. Ne1 g3 28.
Nf3 Rxf5 29. Qc2 Rf7 30. Kh1 Qf8 31. fxg3 Bxg3 32. Be2 Qd8 33. R6b3 Rc7 34. Qb2
Ra5 35. d4 Bf5 36. Rc1 Rxc1+ 37. Qxc1 Bf4 38. Qe1 Qa8 39. Ng1 Ra3 40. Rxa3 Qxa3
41. dxe5 Bxe5 42. Bxh5 b5 43. Nf3 Qa1 44. Qxa1 Bxa1 45. Be8 b4 46. Ba4 Be4 47.
Bb3 Bxf3 48. gxf3 Kg7 49. Kg2 Be5 50. Kf2 Bf4 51. Ke2 Kf6 52. Kd3 Ke5 53. Kc4
Bg5 54. Kb5 Kf4 55. Kc6 Kxf3 56. Kxd6 Kg3 57. Ke6 1/2-1/2

[Event "Ostravský koník 2014 - MÈR"]
[Site "Ostrava, CZE"]
[Date "2014.04.30"]
[Round "5"]
[White "Belunek, Vladimír"]
[Black "Vesely, Martin"]
[Result "1/2-1/2"]
[WhiteElo "2252"]
[BlackElo "2156"]
[PlyCount "31"]

1. d4 Nf6 2. c4 e6 3. Nf3 b6 4. g3 Bb7 5. Bg2 Bb4+ 6. Bd2 Be7 7. O-O O-O 8. Nc3
d6 9. Qc2 Nbd7 10. e4 Rc8 11. Rfe1 d5 12. exd5 exd5 13. Ne5 c5 14. Nxd5 Nxd5
15. cxd5 Nxe5 16. dxe5 1/2-1/2

[Event "Ostravský koník 2014 - MÈR"]
[Site "Ostrava, CZE"]
[Date "2014.04.30"]
[Round "5"]
[White "Folkova, Martina"]
[Black "Obsivac, Josef"]
[Result "1/2-1/2"]
[WhiteElo "2179"]
[BlackElo "2299"]
[PlyCount "65"]

1. e4 e6 2. d4 d5 3. Nd2 c5 4. Ngf3 cxd4 5. exd5 Qxd5 6. Bc4 Qd6 7. O-O Nf6 8.
Nb3 Nc6 9. Nbxd4 Nxd4 10. Nxd4 a6 11. Re1 Bd7 12. b3 Qc7 13. Bb2 O-O-O 14. Qe2
h5 15. h3 Bd6 16. Nf3 Bc6 17. Ne5 Nd5 18. Bxd5 Bxd5 19. c4 Bc6 20. Nxc6 Qxc6
21. Red1 Rh6 22. Rd4 f5 23. Qf3 Qxf3 24. gxf3 Bc7 25. Rxd8+ Bxd8 26. Kf1 Bf6
27. Bxf6 Rxf6 28. Rd1 e5 29. Rd5 Re6 30. f4 exf4 31. Rxf5 g6 32. Rxf4 Kc7 33.
Rd4 1/2-1/2

[Event "Ostravský koník 2014 - MÈR"]
[Site "Ostrava, CZE"]
[Date "2014.04.30"]
[Round "5"]
[White "Kozusek, Daniel"]
[Black "Krajina, Ales"]
[Result "0-1"]
[WhiteElo "2098"]
[BlackElo "2228"]
[PlyCount "58"]

1. e4 Nf6 2. e5 Ng8 3. d4 d5 4. c4 c6 5. Nc3 e6 6. Nf3 Ne7 7. Bg5 h6 8. Bd2
dxc4 9. Bxc4 Nf5 10. Ne2 Nd7 11. O-O Nb6 12. Ba5 Qd7 13. Bd3 Be7 14. Bxf5 exf5
15. Bxb6 axb6 16. Nf4 O-O 17. Qb3 Bg5 18. Ng6 Re8 19. h4 Qe6 20. hxg5 Qxg6 21.
gxh6 Be6 22. Qe3 gxh6 23. Nh4 Qg5 24. Nf3 Qh5 25. b3 Kh7 26. g3 Rg8 27. Kg2 f4
28. Qxf4 Qh3+ 29. Kg1 Rg4 0-1

[Event "Ostravský koník 2014 - MÈR"]
[Site "Ostrava, CZE"]
[Date "2014.04.30"]
[Round "5"]
[White "Didi, Jan"]
[Black "Vybiral, Zdenek"]
[Result "1/2-1/2"]
[WhiteElo "2069"]
[BlackElo "2167"]
[PlyCount "113"]

1. e4 c6 2. d4 d5 3. exd5 cxd5 4. c3 Nc6 5. Bd3 Qc7 6. Nf3 Bg4 7. Be3 e6 8.
Nbd2 Bd6 9. h3 Bh5 10. O-O Nf6 11. Re1 O-O 12. Bg5 Nd7 13. Qc2 Bg6 14. Re2 Nb4
15. cxb4 Qxc2 16. Bxc2 Bxc2 17. a3 h6 18. Be3 Rfc8 19. Rc1 f6 20. Nf1 Bd3 21.
Ree1 Nb6 22. Bd2 Kf7 23. Ne3 Be4 24. Rxc8 Rxc8 25. Rc1 Rxc1+ 26. Bxc1 e5 27.
dxe5 fxe5 28. Nd2 Bd3 29. Nb3 d4 30. Nf1 Na4 31. f3 Ke6 32. Kf2 Kd5 33. Ng3 b6
34. Nd2 Be7 35. Nge4 a5 36. bxa5 bxa5 37. g3 Nc5 38. Nxc5 Bxc5 39. Nb3 Bb6 40.
Nd2 a4 41. h4 Bd8 42. Ke1 h5 43. Kf2 g6 44. Ke1 Be7 45. Kf2 Bf8 46. Ke1 Bh6 47.
b3 axb3 48. Nxb3 Bf8 49. Nd2 Kc5 50. Bb2 Be7 51. Kf2 Bd8 52. Kg2 Ba5 53. Nb3+
Kb5 54. Nxa5 Kxa5 55. f4 exf4 56. Bxd4 fxg3 57. Kxg3 1/2-1/2

[Event "Ostravský koník 2014 - MÈR"]
[Site "Ostrava, CZE"]
[Date "2014.04.30"]
[Round "5"]
[White "Dostal, Radim"]
[Black "Ockay, Tomas"]
[Result "1-0"]
[WhiteElo "2043"]
[BlackElo "2154"]
[PlyCount "85"]

1. e4 c6 2. d4 d5 3. exd5 cxd5 4. c4 Nf6 5. Nc3 Nc6 6. Bg5 Be6 7. Nf3 Ne4 8.
Nxe4 dxe4 9. d5 exf3 10. dxe6 Qxd1+ 11. Rxd1 fxe6 12. gxf3 Ne5 13. Be2 g6 14.
f4 Nc6 15. Bg4 Bg7 16. O-O Nd4 17. Kg2 Kf7 18. Rfe1 Rhd8 19. b3 Rd6 20. c5 Rc6
21. b4 a5 22. a3 axb4 23. axb4 Ra3 24. Re4 h5 25. Bh3 Nf5 26. Rd7 Bf6 27. Rxb7
Bxg5 28. fxg5 Rb3 29. Bxf5 gxf5 30. Rc4 h4 31. h3 e5 32. b5 Rg6 33. c6 Rxg5+
34. Kf1 Rb1+ 35. Ke2 Rb2+ 36. Kd3 Rxf2 37. Kc3 Rgg2 38. Kb4 Rf4 39. c7 Rxc4+
40. Kxc4 Rc2+ 41. Kd3 Rc1 42. b6 e4+ 43. Kd2 1-0

[Event "Ostravský koník 2014 - MÈR"]
[Site "Ostrava, CZE"]
[Date "2014.04.30"]
[Round "5"]
[White "Pacl, Vaclav"]
[Black "Richterova, Natasa"]
[Result "0-1"]
[WhiteElo "2150"]
[BlackElo "2034"]
[PlyCount "116"]

1. Nf3 Nf6 2. c4 c6 3. e3 g6 4. b4 Bg7 5. Bb2 O-O 6. Be2 d5 7. Na3 Bg4 8. O-O
e6 9. Qb3 Ne4 10. Bxg7 Kxg7 11. d3 Bxf3 12. Bxf3 Ng5 13. Be2 h6 14. Rad1 Qe7
15. f4 Nh7 16. e4 d4 17. Nc2 Rd8 18. Qb2 e5 19. fxe5 Qxe5 20. Ne3 Nf6 21. c5 b5
22. cxb6 axb6 23. Nc4 Qe6 24. Rf2 b5 25. Na5 Ra7 26. Rdf1 Ne8 27. Bd1 Qe5 28.
Bb3 f6 29. a3 Rd6 30. Ba2 c5 31. bxc5 Rda6 32. Qb3 h5 33. Qg8+ Kh6 34. Qf8+ Rg7
35. c6 Qe7 36. Qxe7 Rxe7 37. Nb3 Nxc6 38. Nc5 Rxa3 39. Rb2 Ne5 40. Bd5 Nxd3 41.
Rxb5 Nd6 42. Rb6 Nxc5 43. Rxd6 Nxe4 44. Bxe4 Rxe4 45. Rfxf6 Rg4 46. h3 Rxh3 47.
Rxd4 Rxd4 48. gxh3 Kg5 49. Rf3 Rd2 50. Ra3 Kf4 51. Rb3 Re2 52. Rb6 g5 53. Kf1
Re3 54. Kg2 Re2+ 55. Kf1 Rd2 56. Rb3 Rh2 57. Kg1 Re2 58. Kf1 Re3 0-1

[Event "Ostravský koník 2014 - MÈR"]
[Site "Ostrava, CZE"]
[Date "2014.04.30"]
[Round "5"]
[White "Chlevistan, Jakub"]
[Black "Hladik, Lumir"]
[Result "1-0"]
[WhiteElo "2142"]
[BlackElo "2034"]
[PlyCount "81"]

1. Nf3 Nf6 2. c4 c5 3. Nc3 g6 4. d4 cxd4 5. Nxd4 Bg7 6. e4 O-O 7. Be2 d6 8. O-O
Nc6 9. Be3 Bd7 10. Nc2 Be6 11. f3 Nd7 12. Qd2 a6 13. Nd5 Rc8 14. Rab1 Nce5 15.
b3 Bxd5 16. exd5 f5 17. Nd4 Rf6 18. Ne6 Rxe6 19. dxe6 Nf6 20. Rfd1 b6 21. Rbc1
Qc7 22. b4 Qb8 23. c5 bxc5 24. bxc5 d5 25. Bxa6 Rc6 26. Rb1 Qa7 27. Bb5 Rxe6
28. Bf2 Qc7 29. a4 g5 30. a5 g4 31. f4 Bh6 32. Bg3 Ng6 33. Rf1 Qxc5+ 34. Qf2 d4
35. Rfc1 Qa7 36. Bc4 Ne4 37. Bxe6+ Kg7 38. Qb2 Nc3 39. Rxc3 dxc3+ 40. Qb6 Qxb6+
41. axb6 1-0